000 00955nmm a2200289 a 4500
001 ocm000661013
003 TR-IsHL
005 20201028141135.0
008 131219s2007 tu tur
007 cr cn
020 _a9789757215721
035 _a661013
_b(N$T)
050 0 4 _aHJ191.T8
_bM35 2007
090 0 4 _aHJ191.T8
_bM35 2007
245 1 0 _aMaliye politikası reformu: vergi mevzuatında iyileştirmeler, tespitler ve çözüm önerileri
_h[electronic resource] /
_chazırlayanlar Ömer Bolat ...[ve öte.]
260 _aİstanbul :
_bMÜSİAD,
_c2007
300 _a80 p.
650 4 _aEkonomi ve Finans
650 4 _aEconomics and Finance
650 0 _aMaliye
650 0 _aFinance
650 0 _aMaliye politikası
650 0 _aFiscal policy
650 7 _aBUSINESS & ECONOMICS / Finance
_2bisacsh
700 1 _aBolat, Ömer
856 4 0 _uhttp://search.ebscohost.com/login.aspx?direct=true&scope=site&db=e011xww&AN=661013
999 _c7659
_d7659